000 00547nam a2200181Ia 4500
008 090123s9999 xx 000 0 und d
082 _b19701
100 _aराजाध्यक्ष विजया
245 _aहुंकार
250 _a1
260 _bमौज प्रि.ब्यूरो
_c1984
300 _a250
600 _aराजाध्यक्ष विजया
630 _aहुंकार
700 _aराजाध्यक्ष विजया
730 _aहुंकार
942 _cBOOK
999 _c57769
_d57769